[Event "Monaco Sulava Memorial 1st"]
[Site "Monte Carlo"]
[Date "2019.11.29"]
[Round "4"]
[White "Daif, Sarah"]
[Black "Berezovsky, Igor"]
[Result "1-0"]
[WhiteElo "1752"]
[BlackElo "2389"]
[PlyCount "54"]
[EventDate "2019.11.29"]
[EventType "swiss"]
[EventRounds "9"]
[EventCountry "MNC"]
[SourceTitle "CBM 193 Extra"]
[Source "ChessBase"]
[SourceDate "2020.01.31"]
[SourceVersion "1"]
[SourceVersionDate "2020.01.31"]
[SourceQuality "1"]

1. d4 Nf6 2. c4 e6 3. Nf3 Bb4+ 4. Bd2 a5 5. Nc3 d6 6. e3 Qe7 7. Be2 e5 8. dxe5 dxe5 9. 0-0 e4 10. Nd4 0-0 11. a3 Bd6 12. Nd5 Nxd5 13. cxd5 Qe5 14. g3 Qxd5 15. Qc2 c6 16. Bc4 Qe5 17. Bc3 Qe7 18. Rfd1 Bg4 19. Be2 Bxe2 20. Nxe2 Na6 21. Bxa5 Nc5 22. Bb4 Nd3 23. Bxd6 Qxd6 24. Nf4 Rfd8 25. Qc4 Qe5 26. Rd2 Rd6 27. Rad1 Nxf4 1-0

[Event "EU Small Countries ol 5th"]
[Site "Andorra"]
[Date "2017.11.18"]
[Round "9.3"]
[White "Berezovsky, Igor"]
[Black "Weber, Tom"]
[Result "1/2-1/2"]
[WhiteElo "2378"]
[BlackElo "2418"]
[PlyCount "120"]
[EventDate "2017.11.12"]
[EventType "team-tourn"]
[EventRounds "9"]
[EventCountry "AND"]
[SourceTitle "CBM 181 Extra"]
[Source "ChessBase"]
[SourceDate "2017.12.12"]
[SourceVersion "1"]
[SourceVersionDate "2017.12.12"]
[SourceQuality "1"]
[WhiteTeam "Monaco"]
[BlackTeam "Luxembourg"]
[WhiteTeamCountry "MNC"]
[BlackTeamCountry "LUX"]

1. Nf3 Nf6 2. c4 g6 3. Nc3 c5 4. e4 Nc6 5. d4 cxd4 6. Nxd4 d6 7. Be2 Nxd4 8. Qxd4 Bg7 9. Bg5 0-0 10. Qd2 Be6 11. Rb1 a6 12. 0-0 b5 13. cxb5 axb5 14. a3 Bd7 15. Bf3 Rb8 16. Nd5 Nxd5 17. exd5 Re8 18. Rfe1 Be5 19. Be4 b4 20. Re3 bxa3 21. Rxa3 Rb7 22. b4 Qb8 23. f4 Bf6 24. Bxf6 exf6 25. Bf3 Bf5 26. Rb2 Be4 27. Be2 Ra7 28. Rc3 f5 29. Qd4 Ra1+ 30. Kf2 Qa8 31. Rc6 Bxd5 32. Qxd5 Qa3 33. Qd2 Qa7+ 34. Kg3 Re3+ 35. Bf3 Raa3 36. Rc8+ Kg7 37. Rc1 Rad3 38. Qc2 Qd4 39. h4 Qe4 40. Rf1 h6 41. Rbb1 g5 42. Qb2+ Rc3 43. hxg5 hxg5 44. fxg5 Qe5+ 45. Kh3 Re2 46. Qa1 Re4 47. g3 Rg4 48. Qxc3 Qxc3 49. Bxg4 fxg4+ 50. Kxg4 Qc4+ 51. Rf4 Qe2+ 52. Kh3 Qh5+ 53. Rh4 Qf3 54. Rf4 Qh5+ 55. Rh4 Qf3 56. Rb2 Qh1+ 57. Rh2 Qf1+ 58. Kg4 Qd1+ 59. Kf4 Qd4+ 60. Kf3 Qd3+ 1/2-1/2

[Event "BL2-Sued 0910"]
[Site "Germany"]
[Date "2010.02.07"]
[Round "6.2"]
[White "Berezovsky, Igor"]
[Black "Vokac, Marek"]
[Result "0-1"]
[WhiteElo "2441"]
[BlackElo "2479"]
[PlyCount "68"]
[EventDate "2009.10.18"]
[EventType "team-tourn"]
[EventRounds "9"]
[EventCountry "GER"]
[SourceTitle "EXT 2011"]
[Source "ChessBase"]
[SourceDate "2010.11.26"]
[SourceVersion "1"]
[SourceVersionDate "2010.11.26"]
[SourceQuality "1"]
[WhiteTeam "Stuttgart"]
[BlackTeam "Krumbach"]
[WhiteTeamCountry "GER"]
[BlackTeamCountry "GER"]

1. d4 g6 2. g3 Bg7 3. Bg2 c5 4. d5 d6 5. c4 f5 6. Nh3 Nf6 7. Qa4+ Bd7 8. Qb3 Na6 9. Nf4 Rb8 10. h4 0-0 11. Nc3 Nc7 12. a4 Qe8 13. Nb5 Nxb5 14. axb5 a6 15. b6 Qf7 16. Ra3 Rfe8 17. h5 e5 18. dxe6 Bxe6 19. hxg6 hxg6 20. Bd5 Bxd5 21. cxd5 Re4 22. Ra4 Rxa4 23. Qxa4 Nxd5 24. Nxd5 Qxd5 25. 0-0 Qc6 26. Qxc6 bxc6 27. Bf4 Rxb6 28. Bxd6 Rxb2 29. Bxc5 Rc2 30. Be3 Ra2 31. Rc1 Ra1 32. Kf1 Kf7 33. Ke1 Ke6 34. Rxa1 Bxa1 0-1

[Event "BL2-Sued 0607"]
[Site "Germany"]
[Date "2007.04.01"]
[Round "8.1"]
[White "Marcelin, Cyril"]
[Black "Berezovsky, Igor"]
[Result "1-0"]
[WhiteElo "2485"]
[BlackElo "2440"]
[PlyCount "63"]
[EventDate "2006.10.15"]
[EventType "team-tourn"]
[EventRounds "9"]
[EventCountry "GER"]
[SourceTitle "EXT 2008"]
[Source "ChessBase"]
[SourceDate "2007.11.25"]
[SourceVersion "1"]
[SourceVersionDate "2007.11.25"]
[SourceQuality "1"]
[WhiteTeam "Bayern Muenchen"]
[BlackTeam "Stuttgart"]
[WhiteTeamCountry "GER"]
[BlackTeamCountry "GER"]

1. d4 e6 2. c4 Bb4+ 3. Nd2 d5 4. Ngf3 Nc6 5. a3 Bxd2+ 6. Bxd2 Nf6 7. Rc1 Ne4 8. e3 0-0 9. Bd3 a5 10. 0-0 Nxd2 11. Qxd2 Bd7 12. Qc2 h6 13. h3 dxc4 14. Qxc4 Qe7 15. Qc5 Rfc8 16. Be4 Qd6 17. Rfd1 a4 18. Ne5 Be8 19. Nxc6 Bxc6 20. Bxc6 bxc6 21. Qxc6 Qxc6 22. Rxc6 Rcb8 23. Rd2 Rb7 24. Rdc2 Raa7 25. Kf1 Kf8 26. Ke2 Ke7 27. Kd2 Kd7 28. Kc1 Rb5 29. R6c5 Rb6 30. h4 Rb3 31. R2c4 Rb6 32. g3 1-0

[Event "BL2-Sued 0607"]
[Site "Germany"]
[Date "2007.03.18"]
[Round "7.1"]
[White "Berezovsky, Igor"]
[Black "Delemarre, Jop"]
[Result "1/2-1/2"]
[WhiteElo "2440"]
[BlackElo "2455"]
[PlyCount "50"]
[EventDate "2006.10.15"]
[EventType "team-tourn"]
[EventRounds "9"]
[EventCountry "GER"]
[SourceTitle "EXT 2008"]
[Source "ChessBase"]
[SourceDate "2007.11.25"]
[SourceVersion "1"]
[SourceVersionDate "2007.11.25"]
[SourceQuality "1"]
[WhiteTeam "Stuttgart"]
[BlackTeam "Karlsruhe"]
[WhiteTeamCountry "GER"]
[BlackTeamCountry "GER"]

1. Nf3 d5 2. d4 c6 3. e3 Bf5 4. c4 e6 5. Nc3 Nd7 6. Bd2 Bd6 7. Qb3 Rb8 8. cxd5 exd5 9. Rc1 Qe7 10. Ne2 Bg6 11. Ng3 Nh6 12. a3 0-0 13. Bb4 f5 14. Bxd6 Qxd6 15. Qb4 Qxb4+ 16. axb4 f4 17. exf4 Rbe8+ 18. Be2 Rxf4 19. 0-0 a6 20. Rfe1 Nf5 21. Bf1 Nd6 22. Rc3 h6 23. Ree3 Rxe3 24. fxe3 Rf6 25. Ne5 Be8 1/2-1/2

[Event "BL2-Sued 0506"]
[Site "Germany"]
[Date "2006.01.29"]
[Round "6.1"]
[White "Dausch, Rene"]
[Black "Berezovsky, Igor"]
[Result "0-1"]
[WhiteElo "2387"]
[BlackElo "2433"]
[PlyCount "90"]
[EventDate "2005.10.23"]
[EventType "team-tourn"]
[EventRounds "9"]
[EventCountry "GER"]
[SourceTitle "EXT 2007"]
[Source "ChessBase"]
[SourceDate "2006.11.23"]
[SourceVersion "1"]
[SourceVersionDate "2006.11.23"]
[SourceQuality "1"]
[WhiteTeam "Boeblingen"]
[BlackTeam "Stuttgart"]
[WhiteTeamCountry "GER"]
[BlackTeamCountry "GER"]

1. d4 g6 2. e4 c6 3. Nf3 d5 4. exd5 cxd5 5. c4 Nf6 6. Nc3 Bg7 7. Be2 0-0 8. 0-0 Nc6 9. Re1 dxc4 10. Bxc4 Bg4 11. d5 Bxf3 12. Qxf3 Nd4 13. Qd1 Nf5 14. Bf4 Rc8 15. Bb3 Nd7 16. Bc2 Nd4 17. Bg5 Ne5 18. Kh1 Nxc2 19. Qxc2 Re8 20. Re2 Nc4 21. Rd1 Qd7 22. Bc1 a6 23. h3 Nd6 24. Qd3 Nf5 25. Bf4 Red8 26. Be5 Bxe5 27. Rxe5 b5 28. a3 Rc4 29. Rde1 Qa7 30. g4 Nd6 31. Rxe7 Qxf2 32. R7e2 Qf4 33. Kg2 Rd4 34. Qg3 Qxg3+ 35. Kxg3 Nc4 36. Kg2 Kf8 37. g5 Rd3 38. Ne4 R3xd5 39. h4 Kg7 40. Nf6 Rd2 41. Rxd2 Rxd2+ 42. Kg3 Nd6 43. Kh3 h6 44. Re7 Rd3+ 45. Kh2 Rd4 0-1

[Event "Bundesliga 0405"]
[Site "Germany"]
[Date "2004.11.14"]
[Round "2.4"]
[White "Berezovsky, Igor"]
[Black "Krivoshey, Sergei"]
[Result "1/2-1/2"]
[WhiteElo "2434"]
[BlackElo "2499"]
[PlyCount "67"]
[EventDate "2004.11.12"]
[EventType "team-tourn"]
[EventRounds "15"]
[EventCountry "GER"]
[SourceTitle "EXT 2005"]
[Source "ChessBase"]
[SourceDate "2004.11.15"]
[SourceVersion "1"]
[SourceVersionDate "2004.11.15"]
[SourceQuality "1"]
[WhiteTeam "Stuttgart"]
[BlackTeam "Hofheim"]
[WhiteTeamCountry "GER"]
[BlackTeamCountry "GER"]

1. d4 d5 2. c4 c6 3. Nc3 Nf6 4. e3 e6 5. Nf3 a6 6. b3 Bb4 7. Bd2 0-0 8. c5 Nbd7 9. Na4 Bxd2+ 10. Nxd2 e5 11. Be2 Re8 12. 0-0 exd4 13. exd4 Nf8 14. Re1 Ne6 15. Nf1 Nf4 16. Qd2 Qc7 17. f3 Bd7 18. Bd3 Nxd3 19. Qxd3 Rxe1 20. Rxe1 Re8 21. Rxe8+ Nxe8 22. Nb6 Be6 23. Qe3 Kf8 24. Ng3 Qe7 25. Qf4 Qf6 26. Qxf6 Nxf6 27. Kf2 g5 28. Ke3 Ke7 29. b4 h5 30. h3 h4 31. Ne2 Nh5 32. Na4 Bf5 33. Nac3 Ng7 34. a4 1/2-1/2

[Event "Bundesliga 0304"]
[Site "Germany"]
[Date "2003.12.14"]
[Round "6.2"]
[White "Berezovsky, Igor"]
[Black "Hracek, Zbynek"]
[Result "1-0"]
[WhiteElo "2444"]
[BlackElo "2584"]
[PlyCount "93"]
[EventDate "2003.11.01"]
[EventType "team-tourn"]
[EventRounds "15"]
[EventCountry "GER"]
[SourceTitle "CBM 099"]
[Source "ChessBase"]
[SourceDate "2004.03.30"]
[SourceVersion "1"]
[SourceVersionDate "2004.03.30"]
[SourceQuality "1"]
[WhiteTeam "Stuttgart"]
[BlackTeam "Werder Bremen"]
[WhiteTeamCountry "GER"]
[BlackTeamCountry "GER"]

1. d4 Nf6 2. c4 e6 3. Nc3 Bb4 4. e3 0-0 5. Nge2 d5 6. a3 Be7 7. cxd5 exd5 8. g3 c6 9. Bg2 Na6 10. 0-0 Nc7 11. Bd2 Bf5 12. f3 Qd7 13. g4 Bd3 14. Be1 Bc4 15. b3 Ba6 16. Bg3 Nb5 17. Nxb5 Bxb5 18. Re1 Bxe2 19. Qxe2 Bd6 20. Bh4 Ne8 21. Qc2 Nc7 22. Bf1 Rfe8 23. Bd3 g6 24. Qf2 a6 25. h3 Be7 26. Bg3 Bd6 27. Bh4 Be7 28. Bg3 Nb5 29. a4 Nc7 30. Re2 Bd6 31. Bh4 c5 32. dxc5 Bxc5 33. Rc1 Ne6 34. f4 Bb6 35. a5 Ba7 36. b4 Qd6 37. Rf1 Nxf4 38. Qxf4 Qxf4 39. Rxf4 Rxe3 40. Bf2 Rg3+ 41. Kh2 Bxf2 42. Bc2 Rc8 43. Rexf2 Rcc3 44. h4 Rh3+ 45. Kg2 Rxh4 46. Bd1 Rch3 47. Bf3 1-0

[Event "Bundesliga 0304"]
[Site "Germany"]
[Date "2003.11.02"]
[Round "2.2"]
[White "Berezovsky, Igor"]
[Black "Nisipeanu, Liviu Dieter"]
[Result "0-1"]
[WhiteElo "2444"]
[BlackElo "2675"]
[PlyCount "104"]
[EventDate "2003.11.01"]
[EventType "team-tourn"]
[EventRounds "15"]
[EventCountry "GER"]
[SourceTitle "EXT 2004"]
[Source "ChessBase"]
[SourceDate "2003.11.25"]
[SourceVersion "1"]
[SourceVersionDate "2003.11.25"]
[SourceQuality "1"]
[WhiteTeam "Stuttgart"]
[BlackTeam "Kreuzberg"]
[WhiteTeamCountry "GER"]
[BlackTeamCountry "GER"]

1. e4 c5 2. Nf3 e6 3. b3 d6 4. Bb5+ Bd7 5. a4 Nc6 6. 0-0 Nf6 7. Re1 Be7 8. Bb2 0-0 9. Na3 a6 10. Bxc6 Bxc6 11. e5 Nd7 12. exd6 Bxd6 13. Nc4 Qc7 14. Nxd6 Qxd6 15. Ne5 Nxe5 16. Bxe5 Qd5 17. Qg4 f6 18. Bc3 e5 19. Qc4 a5 20. Qxd5+ Bxd5 21. d3 Kf7 22. Re3 b6 23. Rae1 g5 24. Kf1 Rg8 25. h3 Rg6 26. f3 h5 27. Ke2 g4 28. hxg4 hxg4 29. fxg4 Rxg4 30. g3 Rag8 31. Rf1 Ke6 32. Rf4 R4g6 33. Rf1 Bb7 34. Kd1 Rh6 35. Rf2 Rh1+ 36. Kd2 Rg1 37. Ke2 Ke7 38. Rh2 Kf7 39. Kf2 Rh1 40. Rxh1 Bxh1 41. Re2 Bd5 42. Be1 Rh8 43. Ke3 Kg6 44. Rf2 Rh1 45. Ke2 Be6 46. Bc3 Rh8 47. Be1 Bg4+ 48. Kd2 Rh1 49. Rg2 f5 50. Rf2 Kg5 51. c3 e4 52. dxe4 fxe4 0-1

[Event "Oberliga Wuerttemberg 0203"]
[Site "Wuerttemberg"]
[Date "2003.04.10"]
[Round "8"]
[White "Vujic, Branimir"]
[Black "Berezovsky, Igor"]
[Result "1-0"]
[WhiteElo "2256"]
[BlackElo "2418"]
[PlyCount "188"]
[EventDate "2002.10.13"]
[EventType "team-tourn"]
[EventRounds "9"]
[EventCountry "GER"]
[SourceTitle "EXT 2019"]
[Source "ChessBase"]
[SourceDate "2018.10.10"]
[SourceVersion "1"]
[SourceVersionDate "2018.10.10"]
[SourceQuality "1"]
[WhiteTeam "Pfullingen"]
[BlackTeam "Stuttgart SF II"]
[WhiteTeamCountry "GER"]
[BlackTeamCountry "GER"]

1. d4 Nf6 2. Bf4 g6 3. Nc3 Bg7 4. e4 c5 5. dxc5 Qa5 6. Qd2 Qxc5 7. Bd3 d6 8. Nge2 0-0 9. f3 Nc6 10. Bh6 Bxh6 11. Qxh6 d5 12. exd5 Nb4 13. h4 Nfxd5 14. Nxd5 Nxd3+ 15. cxd3 Qxd5 16. Qe3 Bf5 17. d4 Rac8 18. Nc3 Qd6 19. g4 Qe6 20. Kf2 Qxe3+ 21. Kxe3 Be6 22. Rad1 Rc4 23. d5 Bd7 24. Rd4 Rfc8 25. Rxc4 Rxc4 26. Rc1 f5 27. b3 Rc8 28. g5 e5 29. dxe6 Bxe6 30. Ne2 Re8 31. Kf2 Kf7 32. Nf4 Rc8 33. Rxc8 Bxc8 34. Ke3 Bd7 35. Kd4 Bc6 36. Nd3 Ke6 37. Nf4+ Kd6 38. Ke3 Ke5 39. h5 gxh5 40. Nxh5 Be8 41. f4+ Kd6 42. Nf6 Bg6 43. Kd4 Ke6 44. Nd5 Kd6 45. Ne3 Ke6 46. a4 Bh5 47. a5 Bf3 48. Kc5 Be4 49. b4 Bd3 50. Nd5 Be2 51. Nc3 Bd3 52. Kd4 Bf1 53. Na4 Kd6 54. Nc3 Ke6 55. Nd1 Bg2 56. Ne3 Be4 57. Nc4 Bc6 58. Kc5 Bf3 59. Na3 b6+ 60. Kd4 bxa5 61. bxa5 Be2 62. Kc5 Kf7 63. Nb5 a6 64. Nc7 Kg6 65. Nd5 Bg4 66. Kd6 h5 67. gxh6 Kxh6 68. Ke5 Kg6 69. Ne7+ Kf7 70. Nxf5 Ke8 71. Ne3 Bf3 72. Kd6 Kf7 73. Kc7 Ke6 74. Kb6 Be2 75. Nc2 Kd5 76. Nb4+ Ke4 77. Nxa6 Kxf4 78. Nc7 Ke5 79. Nb5 Kf6 80. a6 Ke7 81. a7 Bf3 82. Kc7 Ba8 83. Nd6 Ke6 84. Nb7 Ke7 85. Nc5 Ke8 86. Kb8 Kd8 87. Ne6+ Kd7 88. Nc5+ Kd8 89. Na4 Bg2 90. Nb6 Bc6 91. Nc4 Ba8 92. Na5 Kd7 93. Nb7 Kc6 94. Kxa8 Kc7 1-0

[Event "Oberliga Wuerttemberg 0203"]
[Site "Wuerttemberg"]
[Date "2003.03.22"]
[Round "7"]
[White "Leyrer, Achim"]
[Black "Berezovsky, Igor"]
[Result "1/2-1/2"]
[WhiteElo "2206"]
[BlackElo "2418"]
[PlyCount "41"]
[EventDate "2002.10.13"]
[EventType "team-tourn"]
[EventRounds "9"]
[EventCountry "GER"]
[SourceTitle "EXT 2019"]
[Source "ChessBase"]
[SourceDate "2018.10.10"]
[SourceVersion "1"]
[SourceVersionDate "2018.10.10"]
[SourceQuality "1"]
[WhiteTeam "Wolfbusch"]
[BlackTeam "Stuttgart SF II"]
[WhiteTeamCountry "GER"]
[BlackTeamCountry "GER"]

1. d4 Nf6 2. c4 g6 3. Nc3 d5 4. cxd5 Nxd5 5. e4 Nxc3 6. bxc3 Bg7 7. Nf3 c5 8. Rb1 0-0 9. Be2 Qc7 10. 0-0 b6 11. Bg5 Bb7 12. Qd3 Nd7 13. d5 Ne5 14. Nxe5 Qxe5 15. f4 Qxc3 16. Bxe7 Rfe8 17. d6 Qd4+ 18. Kh1 Bxe4 19. Qxd4 Bxd4 20. Bb5 Reb8 21. f5 1/2-1/2

[Event "Oberliga Wuerttemberg 0102"]
[Site "Wuerttemberg"]
[Date "2002.??.??"]
[Round "7"]
[White "Holzhaeuer, Mathias"]
[Black "Berezovsky, Igor"]
[Result "0-1"]
[WhiteElo "2397"]
[BlackElo "2427"]
[PlyCount "86"]
[EventDate "2001.10.01"]
[EventType "team-tourn"]
[EventRounds "9"]
[EventCountry "GER"]
[SourceTitle "EXT 2019"]
[Source "ChessBase"]
[SourceDate "2018.10.10"]
[SourceVersion "1"]
[SourceVersionDate "2018.10.10"]
[SourceQuality "1"]
[WhiteTeam "Schmiden/Cannstatt"]
[BlackTeam "Stuttgart SF II"]
[WhiteTeamCountry "GER"]
[BlackTeamCountry "GER"]

1. e4 e6 2. d4 d5 3. Nc3 Bb4 4. Nge2 dxe4 5. a3 Bxc3+ 6. Nxc3 Nc6 7. Bb5 Nge7 8. Bg5 f6 9. Be3 0-0 10. Qd2 f5 11. 0-0-0 a6 12. Bxc6 Nxc6 13. f3 e5 14. d5 Ne7 15. fxe4 f4 16. Bc5 Bg4 17. Rde1 b6 18. Bf2 Nc8 19. g3 f3 20. h3 Bd7 21. g4 Nd6 22. b3 Qe7 23. Rh2 Nb5 24. Nb1 c5 25. Qd3 Rac8 26. Kb2 Nd6 27. c4 b5 28. Ka2 Qd8 29. Bg3 bxc4 30. bxc4 Qa5 31. Rc1 Rce8 32. Nd2 Ba4 33. Rb1 Rf7 34. Rf2 h6 35. Rxf3 Qxd2+ 36. Qxd2 Rxf3 37. Qa5 Bc2 38. Qxc5 Bxb1+ 39. Kxb1 Nxe4 40. Qc6 Rb8+ 41. Kc1 Rc3+ 42. Kd1 Rb1+ 43. Ke2 Nxg3+ 0-1

[Event "GER-ch 73th"]
[Site "Altenkirchen"]
[Date "2001.12.08"]
[Round "9"]
[White "Grafl, Florian"]
[Black "Berezovsky, Igor"]
[Result "0-1"]
[WhiteElo "2317"]
[BlackElo "2432"]
[PlyCount "85"]
[EventDate "2001.11.30"]
[EventType "swiss"]
[EventRounds "9"]
[EventCountry "GER"]
[SourceTitle "CBM 087"]
[Source "ChessBase"]
[SourceDate "2002.03.21"]
[SourceVersion "1"]
[SourceVersionDate "2002.03.21"]
[SourceQuality "1"]

1. e4 e6 2. d4 d5 3. Nc3 Bb4 4. exd5 exd5 5. Bd3 Nc6 6. a3 Ba5 7. Be3 Nge7 8. Qh5 Be6 9. b4 Bb6 10. Nf3 a6 11. Ne2 Qd7 12. h3 Bf5 13. Bxf5 Qxf5 14. Qxf5 Nxf5 15. 0-0-0 Nd6 16. Nc3 Ne7 17. Rhe1 c6 18. Bf4 Nc4 19. Na4 Bd8 20. Nc5 b6 21. Nb7 f6 22. Re6 Kd7 23. Rde1 Ng6 24. Bg3 Bc7 25. Nh4 Be5 26. Nxg6 hxg6 27. Bxe5 Kxe6 28. Bd6+ Kf5 29. f4 g5 30. fxg5 Kxg5 31. Rf1 Rh4 32. Bc7 Re4 33. Nd6 Nxd6 34. Bxd6 Rxd4 35. Bc7 b5 36. Rf3 Re8 37. Bd6 Kg6 38. Rg3+ Kf7 39. Bc5 Re1+ 40. Kb2 Rd2 41. Be3 Rdd1 42. Kb3 d4 43. Rf3 0-1

[Event "GER-ch 73th"]
[Site "Altenkirchen"]
[Date "2001.12.03"]
[Round "4"]
[White "Berezovsky, Igor"]
[Black "Naiditsch, Arkadij"]
[Result "1/2-1/2"]
[WhiteElo "2432"]
[BlackElo "2524"]
[PlyCount "122"]
[EventDate "2001.11.30"]
[EventType "swiss"]
[EventRounds "9"]
[EventCountry "GER"]
[SourceTitle "CBM 087"]
[Source "ChessBase"]
[SourceDate "2002.03.21"]
[SourceVersion "1"]
[SourceVersionDate "2002.03.21"]
[SourceQuality "1"]

1. d4 Nf6 2. c4 e6 3. Nf3 Bb4+ 4. Bd2 Qe7 5. g3 Nc6 6. Nc3 Bxc3 7. Bxc3 Ne4 8. Rc1 d6 9. d5 Nxc3 10. Rxc3 Nb8 11. dxe6 fxe6 12. Bg2 0-0 13. 0-0 a5 14. c5 d5 15. Ne5 Nc6 16. Nxc6 bxc6 17. e4 Ba6 18. Re1 Rad8 19. exd5 cxd5 20. Qd4 Qf6 21. Qxf6 Rxf6 22. Ra3 e5 23. Rxa5 e4 24. Rd1 Bd3 25. Rd2 d4 26. f3 exf3 27. Rxd3 fxg2 28. Ra4 Re8 29. Rd2 d3 30. Kxg2 Rf5 31. Rd4 Rxc5 32. R4xd3 Re7 33. Rd8+ Kf7 34. R8d7 Rxd7 35. Rxd7+ Kf6 36. Rd2 Rc1 37. Re2 h5 38. Kf3 Kf5 39. Ke3 Kg4 40. Kd2 Ra1 41. a3 g5 42. Re1 Rxe1 43. Kxe1 Kh3 44. a4 Kxh2 45. a5 h4 46. gxh4 g4 47. a6 g3 48. a7 g2 49. a8Q g1Q+ 50. Ke2 Qd4 51. Qb7 c5 52. h5 Qe5+ 53. Kf2 Qg3+ 54. Ke2 Qe5+ 55. Kd3 Qxh5 56. Qe4 Qh8 57. b3 Qb8 58. Kc3 Qb6 59. Qe2+ Kh3 60. Qe3+ Kg4 61. Qe4+ Kg5 1/2-1/2

[Event "GER-ch 73th"]
[Site "Altenkirchen"]
[Date "2001.12.01"]
[Round "2"]
[White "Berezovsky, Igor"]
[Black "Knuth, Hannes"]
[Result "1-0"]
[WhiteElo "2406"]
[BlackElo "2313"]
[PlyCount "69"]
[EventDate "2001.11.30"]
[EventType "swiss"]
[EventRounds "9"]
[EventCountry "GER"]
[SourceTitle "CBM 087"]
[Source "ChessBase"]
[SourceDate "2002.03.21"]
[SourceVersion "1"]
[SourceVersionDate "2002.03.21"]
[SourceQuality "1"]

1. d4 Nf6 2. c4 e6 3. g3 Bb4+ 4. Bd2 Qe7 5. Bg2 0-0 6. Nf3 Bxd2+ 7. Qxd2 d6 8. Nc3 c6 9. 0-0 e5 10. b4 e4 11. Ne1 Be6 12. d5 cxd5 13. cxd5 Bc8 14. Nc2 Re8 15. Ne3 Nbd7 16. Rfc1 a6 17. Nf5 Qf8 18. Qd4 g6 19. Ne3 Qe7 20. a4 Rb8 21. Nc4 b6 22. e3 Bb7 23. Nd2 Qe5 24. Qxe5 dxe5 25. Ndxe4 Nxd5 26. Nd6 Nxc3 27. Rxc3 Bxg2 28. Nxe8 Bh3 29. Nc7 a5 30. Rb1 Bf5 31. Rb2 axb4 32. Rxb4 Rd8 33. g4 Be6 34. Nxe6 fxe6 35. Rd3 1-0

[Event "Tuebingen"]
[Site "Tuebingen"]
[Date "2001.08.05"]
[Round "3"]
[White "Berezovsky, Igor"]
[Black "Scheffknecht, Philipp"]
[Result "1-0"]
[WhiteElo "2406"]
[BlackElo "2150"]
[PlyCount "109"]
[EventDate "2001.08.??"]
[EventType "tourn"]
[EventRounds "9"]
[EventCountry "GER"]
[SourceTitle "EXT 2008"]
[Source "ChessBase"]
[SourceDate "2007.11.25"]
[SourceVersion "1"]
[SourceVersionDate "2007.11.25"]
[SourceQuality "1"]

1. d4 Nf6 2. c4 e6 3. Nf3 b6 4. a3 Bb7 5. Nc3 d6 6. d5 e5 7. e4 Nbd7 8. Be2 g6 9. 0-0 Bg7 10. b4 0-0 11. Ne1 Ne8 12. Be3 f5 13. f3 f4 14. Bf2 Ndf6 15. Rc1 Nh5 16. Nd3 Qg5 17. Qd2 Bh6 18. Rfd1 Kg7 19. Qe1 Qe7 20. c5 g5 21. Rc2 Kh8 22. cxd6 cxd6 23. Nb5 Ba6 24. Nb2 Bxb5 25. Bxb5 Nhf6 26. h3 Bg7 27. Rdc1 h5 28. Ba6 Bh6 29. Bc8 Rg8 30. Be6 Rg6 31. Bf5 Rg8 32. Be6 Rg6 33. Rc8 Rxc8 34. Rxc8 g4 35. Kh1 gxf3 36. gxf3 Nh7 37. Qc1 Bf8 38. Nd3 Ng7 39. Rc7 Qg5 40. Ne1 Nxe6 41. dxe6 Qf6 42. Qc4 Ng5 43. Bh4 Qxe6 44. Qxe6 Nxe6 45. Rxa7 Nd4 46. Rb7 d5 47. exd5 Nf5 48. Bf2 Ne7 49. Rxb6 Rxb6 50. Bxb6 Nxd5 51. Ba7 Bd6 52. Nd3 Nc3 53. Bc5 Bxc5 54. bxc5 e4 55. c6 1-0

[Event "SUI-ch"]
[Site "Scuol"]
[Date "2001.07.14"]
[Round "3"]
[White "Berezovsky, Igor"]
[Black "Bhend, Edwin"]
[Result "1-0"]
[WhiteElo "2406"]
[BlackElo "2255"]
[PlyCount "65"]
[EventDate "2001.07.12"]
[EventType "swiss"]
[EventRounds "9"]
[EventCountry "SUI"]
[SourceTitle "CBM 083 Extra"]
[Source "ChessBase"]
[SourceDate "2001.09.11"]
[SourceVersion "1"]
[SourceVersionDate "2001.09.11"]
[SourceQuality "1"]

1. e4 c5 2. Nf3 Nc6 3. c3 e6 4. d4 d5 5. exd5 exd5 6. Bb5 Bd6 7. dxc5 Bxc5 8. 0-0 Nge7 9. Nbd2 0-0 10. Nb3 Bd6 11. Nbd4 Bg4 12. Qa4 Bh5 13. Bg5 Qc7 14. Bxe7 Nxe7 15. Rfe1 a6 16. Bd3 Bg6 17. Qc2 Nc6 18. Nxc6 bxc6 19. Bxg6 fxg6 20. c4 Rxf3 21. gxf3 Bxh2+ 22. Kg2 d4 23. Re6 Qd7 24. Qe4 Bd6 25. Re1 Bb4 26. Re8+ Rxe8 27. Qxe8+ Qxe8 28. Rxe8+ Kf7 29. Rd8 Bc5 30. Rc8 h5 31. Rxc6 Bb4 32. a3 Bc3 33. Rb6 1-0

[Event "BL2-Sued 0001"]
[Site "Germany"]
[Date "2001.04.01"]
[Round "8.6"]
[White "Rudolph, Johannes"]
[Black "Berezovsky, Igor"]
[Result "0-1"]
[WhiteElo "2248"]
[BlackElo "2404"]
[PlyCount "76"]
[EventDate "2000.10.15"]
[EventType "team-tourn"]
[EventRounds "9"]
[EventCountry "GER"]
[SourceTitle "CBM 082 Extra"]
[Source "ChessBase"]
[SourceDate "2001.07.03"]
[SourceVersion "1"]
[SourceVersionDate "2001.07.03"]
[SourceQuality "1"]
[WhiteTeam "Kirchheim"]
[BlackTeam "Stuttgart"]
[WhiteTeamCountry "GER"]
[BlackTeamCountry "GER"]

1. d4 Nf6 2. c4 e6 3. Nc3 Bb4 4. f3 d5 5. a3 Be7 6. e4 dxe4 7. fxe4 e5 8. d5 Bc5 9. Nf3 Bg4 10. Qd3 Bxf3 11. Qxf3 Nbd7 12. Bd3 a5 13. Rf1 Qe7 14. Ne2 h6 15. Ng3 g6 16. h4 Qd6 17. h5 0-0-0 18. Rh1 Bd4 19. Rb1 Nc5 20. b4 axb4 21. axb4 Nxd3+ 22. Qxd3 Nxh5 23. Nxh5 gxh5 24. Rxh5 Qg6 25. Qf3 Rd6 26. Rf5 Ra6 27. Bb2 Ra2 28. Bxd4 exd4 29. g4 h5 30. g5 h4 31. Rxf7 h3 32. Rf8+ Rxf8 33. Qxf8+ Kd7 34. Qf3 h2 35. c5 Qh7 36. c6+ bxc6 37. dxc6+ Ke8 38. Qh1 Qh4+ 0-1

[Event "GER-ch 72nd"]
[Site "Heringsdorf"]
[Date "2000.11.23"]
[Round "7"]
[White "Scheerer, Christoph"]
[Black "Berezovsky, Igor"]
[Result "1-0"]
[WhiteElo "2140"]
[BlackElo "2404"]
[PlyCount "89"]
[EventDate "2000.11.17"]
[EventType "swiss"]
[EventRounds "9"]
[EventCountry "GER"]
[SourceTitle "CBM 080"]
[Source "ChessBase"]
[SourceDate "2001.01.25"]
[SourceVersion "1"]
[SourceVersionDate "2001.01.25"]
[SourceQuality "1"]

1. e4 e6 2. d3 c5 3. Nf3 Nc6 4. g3 d5 5. Qe2 Nf6 6. Bg2 Be7 7. 0-0 0-0 8. e5 Ne8 9. c4 Nc7 10. h4 b5 11. b3 bxc4 12. bxc4 Ba6 13. Nbd2 Rb8 14. Ba3 Nb4 15. Nb3 Qd7 16. Rfc1 Qa4 17. Bxb4 Qxb4 18. Qc2 Rfc8 19. Qc3 Na8 20. Nfd2 Nb6 21. Rab1 Qxc3 22. Rxc3 f5 23. Na5 Kf7 24. Ra3 Nd7 25. Rxb8 Nxb8 26. cxd5 c4 27. d6 c3 28. Ndb3 Bd8 29. Nc4 Bxc4 30. Rxa7+ Kg6 31. dxc4 Rxc4 32. Rb7 Nc6 33. Bxc6 Rxc6 34. Rb8 Bb6 35. d7 c2 36. Nc1 Ba5 37. d8Q Bxd8 38. Rxd8 Rb6 39. Rc8 Rb2 40. Kf1 f4 41. Ke2 fxg3 42. fxg3 Kf5 43. Rc3 Rb1 44. Kd2 Kxe5 45. Rb3 1-0